Rainwater catchment systems for domestic supply : design, construction and implementation / (Record no. 9271)
[ view plain ]
| 000 -LEADER | |
|---|---|
| fixed length control field | 00889nac a22002171u 4500 |
| 020 ## - INTERNATIONAL STANDARD BOOK NUMBER | |
| International Standard Book Number | 1853394564 (pbk) : |
| 082 ## - DEWEY DECIMAL CLASSIFICATION NUMBER | |
| Classification number | 628.142 21 |
| Item number | GOU |
| 090 ## - LOCALLY ASSIGNED LC-TYPE CALL NUMBER (OCLC); LOCAL CALL NUMBER (OCLC) | |
| -- | 9271 |
| -- | 9271 |
| 100 ## - MAIN ENTRY--PERSONAL NAME | |
| Personal name | Gould, John |
| 245 ## - TITLE STATEMENT | |
| Title | Rainwater catchment systems for domestic supply : design, construction and implementation / |
| Statement of responsibility, etc | John Gould and Erik Nissen-Petersen. |
| 260 ## - PUBLICATION, DISTRIBUTION, ETC. (IMPRINT) | |
| Place of publication, distribution, etc | London : |
| Name of publisher, distributor, etc | Intermediate Technology, 1999. |
| Date of publication, distribution, etc | c1999. |
| 300 ## - PHYSICAL DESCRIPTION | |
| Extent | xvi, 335 p. : |
| Other physical details | ill., maps ; |
| Dimensions | 24 cm. |
| 500 ## - GENERAL NOTE | |
| General note | Distributer: Al-Ahram |
| 504 ## - BIBLIOGRAPHY, ETC. NOTE | |
| Bibliography, etc | Includes bibliographical references and index. |
| 511 ## - PARTICIPANT OR PERFORMER NOTE | |
| Participant or performer note | Catalogued by: Sara |
| 650 ## - SUBJECT ADDED ENTRY--TOPICAL TERM | |
| Topical term or geographic name as entry element | Water harvesting -- Developing countries. |
| 650 ## - SUBJECT ADDED ENTRY--TOPICAL TERM | |
| Topical term or geographic name as entry element | Rain-water (Water-supply) -- Developing countries. |
| 650 ## - SUBJECT ADDED ENTRY--TOPICAL TERM | |
| Topical term or geographic name as entry element | Appropriate technology -- Developing countries. |
| 700 ## - ADDED ENTRY--PERSONAL NAME | |
| Personal name | Nissen-Petersen, Erik. |
| 942 ## - ADDED ENTRY ELEMENTS (KOHA) | |
| Item type | Book - Borrowing |
| Call number prefix | 628.142 21GOU |
| Withdrawn status | Item status | Damaged status | Not for loan | Home library | Current library | Shelving location | Date acquired | Source of acquisition | Total Checkouts | Full call number | Barcode | Date last seen | Koha item type |
|---|---|---|---|---|---|---|---|---|---|---|---|---|---|
| Central Library | Central Library | First floor | 29/04/2008 | Purchase | 628.142 21GOU | 000011118 | 15/07/2025 | Book - Borrowing |